000 00577nam a2200169Ia 4500
008 090201s9999 xx 000 0 und d
010 _aKPL-66118
040 _bमराठी
041 _aमराठी
082 _a903
_b66118
100 _aके. वि. बेलसरे
245 _aपरमार्थ प्रदिप
_cके. वि. बेलसरे
260 _c2004
_bबुकसेलर्स पब्लिशिंग कंपनी
300 _a120
_bलहान
600 _aपरमार्थ प्रदिप
942 _cBOOK
999 _c202015
_d202015